01649nas a2200241Ia 4500001001100000003001000011008004100021040002500062041001200087100003500099210004800134222004800182245007300230250001100303260009100314300001200405310001500417362003700432500040400469501011400873520040400987650001601391R050-S2036IT-CnALBA170116c99999999xx |||||||||||| ||und|| aIT-CnALBAcIT-CnALBA aLATINO  aPIO XII, PAPA PACELLI EUGENIO. aCOMMENTARIUM PRO RELIGIOSIS ET MISSIONARIIS aCOMMENTARIUM PRO RELIGIOSIS ET MISSIONARIIS 0aCOMMENTARIUM PRO RELIGIOSIS ET MISSIONARIIS. GENNAIO DICEMBRE 1948.  a1a ed. a ROMAbVATICANA - LIBR. EDITR. POLIGL. c1948 [1° Ed.:1948 - Ed.Ling.Originale: 1948] a304 p.  aBIMESTRALE aFascicolo: 1-6 / Anno: 29 (1948) aATTI DI PIO XII. COSTITUZIONE APOSTOLICA SACRAMENTO ORDINE. MOTO PROPRIO, IMPEGNO PER LE ANIME. COMMENTO CANONE 569, LARRAONA A. CONSULTAZIONI GOYENECHE S. STUDI VARI. CONGREGAZIONI RELIGIOSE PRESSO GLI ANGLICANI. SEZIONE MISSIONARIA. CONGRESSO DEI PRESULI DELLE MISSIONI DURANTE IL CONCILIO VATICANO I. STATISTICA DELLA SOCIETÀ DELL'APOSTOLATO CATTOLICO. CRONACA. INDICE SISTEMATICO E ANALITICO.  aSocietà San Paolo EM - Piazza San Paolo, 14 - 12051 ALBA (CN) (non commercial uses only) ® Copyright 2017 aATTI DI PIO XII. COSTITUZIONE APOSTOLICA SACRAMENTO ORDINE. MOTO PROPRIO, IMPEGNO PER LE ANIME. COMMENTO CANONE 569, LARRAONA A. CONSULTAZIONI GOYENECHE S. STUDI VARI. CONGREGAZIONI RELIGIOSE PRESSO GLI ANGLICANI. SEZIONE MISSIONARIA. CONGRESSO DEI PRESULI DELLE MISSIONI DURANTE IL CONCILIO VATICANO I. STATISTICA DELLA SOCIETÀ DELL'APOSTOLATO CATTOLICO. CRONACA. INDICE SISTEMATICO E ANALITICO.  aMISSIOLOGIA